[Event "IND-ch"]
[Site "?"]
[Date "1988.??.??"]
[Round "?"]
[White "Pavanasam, Ananchaperumal"]
[Black "Barua, Dibyendu"]
[Result "1/2-1/2"]
[WhiteElo "2355"]
[BlackElo "2480"]

1.Nf3 d5 2.g3 Nf6 3.Bg2 c6 4.O-O Bf5 5.d3 Nbd7 6.c4 dxc4 7.dxc4 e5 8.b3 Qc7
9.Bb2 Bc5 10.Qc1 Bg6 11.Nc3 O-O 12.Nh4 Rfe8 13.Nxg6 hxg6 14.Qc2 Bf8 15.Rad1 Nc5
16.Rd2 a5 17.Rfd1 a4 18.Nxa4 Nxa4 19.bxa4 Qa5 20.Bc3 Qxa4 21.Qb2 Qxc4 22.Bxe5 Ng4
23.Bd4 Rad8 24.Bf3 Ne5 25.Bxe5 Rxd2 26.Rxd2 Rxe5 27.Qxe5 Qc1+ 28.Kg2 Qxd2
29.Qb8 Qd7 30.h4 Qe7 31.Qc8 Kh7 32.a4 Qb4  1/2-1/2

[Event "JUG-ch"]
[Site "?"]
[Date "1988.??.??"]
[Round "?"]
[White "Drasko, Milan"]
[Black "Abramovic, Bosko"]
[Result "1-0"]
[WhiteElo "2465"]
[BlackElo "2460"]

1.Nf3 d5 2.g3 Nf6 3.Bg2 c6 4.O-O Bg4 5.d3 e6 6.c4 Nbd7 7.cxd5 exd5 8.Nc3 Bc5
9.Na4 Bd6 10.Be3 O-O 11.Rc1 Re8 12.Qd2 Qe7 13.Rc2 c5 14.Bf4 b5 15.Nc3 a6
16.Nh4 Bxf4 17.Qxf4 Be6 18.b3 Nb6 19.Rfc1 Rac8 20.Nf5 Bxf5 21.Qxf5 Red8 22.Bf3 g6
23.Qg5 Kg7 24.Nd1 d4 25.e4 h6 26.Qd2 c4 27.bxc4 bxc4 28.dxc4 Nxe4 29.Bxe4 Qxe4
30.Nb2 d3 31.Rc3 Qe2 32.Rd1 Rc5 33.Rcc1 Qxd2 34.Rxd2 Rd4 35.Rxd3 Rxd3 36.Nxd3 Rxc4
37.Rb1 Rc6 38.Nb4 Rd6 39.Nxa6 Nc4 40.Nc5 Rd2 41.a4 Ra2 42.Rb4 Nd2 43.Kg2 g5
44.g4 Rc2 45.Nb7 Ra2 46.Nd6 Kg6 47.h3 h5 48.gxh5+ Kxh5 49.Nxf7 Kg6 50.Nd6 Ra3
51.Nc4 Nxc4 52.Rxc4 Kh5 53.Rb4 Ra1 54.f3 Rc1 55.Rb6 Rc4 56.Ra6 Rb4 57.Ra8 Kg6
58.a5 Kg7 59.a6 Rb6 60.a7 Rb7  1-0

[Event "Kecskemet"]
[Site "Kecskemet"]
[Date "1988.??.??"]
[Round "?"]
[White "Hertneck, Gerald"]
[Black "King, Daniel J"]
[Result "1-0"]
[WhiteElo "2435"]
[BlackElo "2520"]

1.g3 d5 2.Nf3 c6 3.Bg2 Bg4 4.c4 e6 5.b3 Nd7 6.Bb2 Ngf6 7.O-O Bd6 8.d4 Qb8
9.cxd5 cxd5 10.Nc3 a6 11.Qd2 O-O 12.Nh4 Bh5 13.f3 Rd8 14.e4 dxe4 15.fxe4 Qa7
16.Kh1 Be7 17.Ne2 e5 18.Nf5 Bf8 19.Qg5 Bg6 20.dxe5 Ne8 21.Rad1 Nc7 22.Nf4 Qb6
23.Ne7+ Kh8 24.Nfxg6+ fxg6 25.Bh3 Ne6 26.Nxg6+ hxg6 27.Qh4+ Kg8 28.Rd6 Re8
29.Rxb6 Nxb6 30.Qg4 Kh7 31.Rf7 Nc5 32.e6 Nxe6 33.Rxb7 Nc8 34.Qh4+ Kg8 35.Bxe6+ Rxe6
36.Qd8  1-0

[Event "Kecskemet"]
[Site "Kecskemet"]
[Date "1988.??.??"]
[Round "?"]
[White "Hodgson, Julian M"]
[Black "Karolyi, Tibor Jr"]
[Result "1/2-1/2"]
[WhiteElo "2525"]
[BlackElo "2450"]

1.g3 d5 2.Nf3 c5 3.Bg2 Nc6 4.d4 Nf6 5.O-O e6 6.c4 dxc4 7.Qa4 Bd7 8.Qxc4 b5
9.Qxb5 Nxd4 10.Nxd4 Bxb5 11.Nxb5 Nd5 12.N1c3 a6 13.Nxd5 axb5 14.Nc3 b4 15.Bc6+ Ke7
16.Ne4 Rc8 17.Ba4 Qa5 18.b3 Qa8 19.Rd1 Rc7 20.Bf4 Qxe4 21.Bxc7 Kf6 22.e3 Be7
23.Rac1 Ra8 24.Rd7 g5 25.h3 h5 26.Kh2 h4 27.gxh4 gxh4 28.Rg1 Ra7 29.Rg4 Qxg4
30.hxg4 Rxc7 31.g5+ Kf5 32.Rxc7 Bd6+ 33.Kh3 Bxc7 34.Kxh4 f6 35.e4+ Kg6 36.Be8+ Kg7
37.g6 Be5 38.Kg4 Bd4 39.Kf3 e5 40.Ke2 Kf8  1/2-1/2

[Event "Kecskemet"]
[Site "Kecskemet"]
[Date "1988.??.??"]
[Round "?"]
[White "King, Daniel J"]
[Black "Tolnai, Tibor"]
[Result "1/2-1/2"]
[WhiteElo "2520"]
[BlackElo "2485"]

1.g3 d5 2.Nf3 Nf6 3.Bg2 g6 4.O-O Bg7 5.d3 O-O 6.Nbd2 c5 7.e4 Nc6 8.c3 e5
9.Re1 Qc7 10.exd5 Nxd5 11.Nc4 Rd8 12.Qb3 Nb6 13.Qb5 Bf5 14.Bf1 Nxc4 15.dxc4 b6
16.Nh4 Bd3 17.Ng2 Bxf1 18.Kxf1 a6 19.Qa4 Ne7 20.Kg1 Qc6 21.Qxc6 Nxc6 22.Ne3 Ne7
23.a4 a5 24.Ra3 f5 25.Rb3 Rab8 26.Kg2 Kf7 27.Rb5 Nc8 28.Rb3 Nd6 29.f4 exf4
30.gxf4 Re8 31.Rd1 Re6 32.Kf3 Bf8 33.Ra3 Rbe8 34.Rb3 Re4 35.Rd3 Nxc4 36.Nxc4 Rxc4
37.Rxb6 Rxa4 38.Be3 Rae4 39.Ra6 Kg8 40.Bd2 a4 41.Rd7 Rb8 42.Raa7 Rxb2 43.Ra8 Rc2
44.h4 Re6 45.Rxa4 Rd6 46.Rxd6 Bxd6 47.Ke3 Rb2 48.Kd3 Kg7 49.Be3 Rh2 50.Ra7+ Kh6
51.Rd7 Bf8 52.Rf7 Bg7 53.Rc7 Bf8 54.Rf7 Bg7 55.Rc7 Bf8  1/2-1/2

[Event "FRG-ch qual"]
[Site "Koenigslutter"]
[Date "1988.??.??"]
[Round "?"]
[White "Baumhus, Reinhard"]
[Black "Schmittdiel, Eckhard"]
[Result "0-1"]
[WhiteElo "2335"]
[BlackElo "2425"]

1.g3 d5 2.Nf3 c6 3.Bg2 Bf5 4.O-O e6 5.d3 Bc5 6.Nbd2 Nf6 7.b3 h6 8.Bb2 O-O
9.c4 Nbd7 10.a3 a5 11.Ra2 Qb6 12.Qa1 Rfd8 13.h3 Bg6 14.g4 Ne8 15.Bc3 f6 16.b4 axb4
17.axb4 Rxa2 18.Qxa2 Be7 19.Ra1 Bf7 20.b5 Rc8 21.bxc6 bxc6 22.Rb1 Qc7 23.Nd4 Bf8
24.Qa5 Qxa5 25.Bxa5 e5 26.Nf5 g6 27.Ne3 Ra8 28.Bc3 d4 29.Bxc6 Ra7 30.Bxd4 exd4
31.Nd5 Nc7 32.Ne4 Nxd5 33.cxd5 Kg7 34.f4 Nc5 35.Nxc5 Bxc5 36.Kf2 Bd6 37.Kf3 Re7  0-1

[Event "Liechtenstein op"]
[Site "Liechtenstein"]
[Date "1988.??.??"]
[Round "?"]
[White "Dizdar, Goran"]
[Black "Silva, Marco"]
[Result "1-0"]
[WhiteElo "2490"]
[BlackElo "2315"]

1.Nf3 d5 2.g3 Nf6 3.Bg2 Bg4 4.c4 c6 5.Ne5 Be6 6.cxd5 Nxd5 7.b3 Nd7 8.Nc4 g6
9.Bb2 N5f6 10.O-O Bg7 11.d4 Nb6 12.Na5 Qc7 13.Nd2 O-O 14.b4 Nfd5 15.a3 f5
16.e3 Rad8 17.Rc1 Qb8 18.Qc2 Nf6 19.Ndb3 Nbd5 20.Nc5 Bc8 21.Qb3 Kh8 22.a4 Rd6
23.Nc4 Rdd8 24.Na5 Rd6 25.b5 cxb5 26.axb5 b6 27.Nc6 Qa8 28.Nxe7 Re8 29.Nxc8 Rxc8
30.Nd3 Re8 31.Ne5 Qb7 32.Rc6 Rdd8 33.Rfc1 Ne4 34.Bxe4 fxe4 35.Rc7 Qxc7 36.Rxc7 Bxe5
37.dxe5 Nxc7 38.e6+ Kg8 39.e7+ Rd5 40.Be5 Rxe7 41.Bxc7 Rd7 42.Qc4 Kf8 43.Qxe4 Rxb5
44.Qa8+ Kf7 45.Qh8 Rh5 46.Be5 Ke6 47.Bd4 Rf5 48.g4 Ra5 49.Qe8+ Re7 50.Qc6+ Kf7
51.Qf6+ Ke8 52.Qc6+ Kf7 53.Qc4+ Ke8 54.Bf6  1-0

[Event "Linares"]
[Site "Linares"]
[Date "1988.??.??"]
[Round "?"]
[White "Georgiev, Kiril"]
[Black "Jussupow, Artur"]
[Result "1/2-1/2"]
[WhiteElo "2595"]
[BlackElo "2620"]

1.Nf3 d5 2.g3 c6 3.Bg2 Nf6 4.c4 e6 5.Qc2 Be7 6.O-O O-O 7.d4 b6 8.Nbd2 Bb7
9.e4 Na6 10.b3 Qc7 11.e5 Nd7 12.Bb2 c5 13.dxc5 Nb4 14.Qb1 Nxc5 15.Bc3 a5
16.a3 Nc6 17.Rc1 Qb8 18.b4 axb4 19.axb4 Na4 20.cxd5 Nxc3 21.Rxa8 Bxa8 22.Rxc3 exd5
23.Re3 Nxb4 24.e6 fxe6 25.Rxe6 Qc7 26.Nd4 Bc5 27.N2f3 Bxd4 28.Nxd4 Qc5 29.Qd1 Bb7
30.h4 Bc8 31.Re3 Bd7 32.Qd2 Kh8 33.h5 h6 34.Ne6 Bxe6 35.Rxe6 Kh7 36.Re1 Kh8
37.Rb1 Nc6 38.Rc1 Qd4 39.Qxd4 Nxd4 40.Kf1 Nf5 41.Ke2  1/2-1/2

[Event "London NWYM"]
[Site "London"]
[Date "1988.??.??"]
[Round "?"]
[White "Norwood, David"]
[Black "Westerinen, Heikki MJ"]
[Result "1/2-1/2"]
[WhiteElo "2470"]
[BlackElo "2395"]

1.Nf3 d5 2.g3 c6 3.Bg2 Bg4 4.O-O Nd7 5.d4 e6 6.Nbd2 Ngf6 7.Re1 Qb6 8.c3 Be7
9.Qb3 O-O 10.e4 dxe4 11.Nxe4 Rfd8 12.Nxf6+ Bxf6 13.Bf4 Rac8 14.Ne5 Bxe5 15.Bxe5 Nxe5
16.Rxe5  1/2-1/2

[Event "London WFW"]
[Site "London"]
[Date "1988.??.??"]
[Round "3"]
[White "Norwood, David"]
[Black "King, Daniel J"]
[Result "1-0"]
[WhiteElo "2460"]
[BlackElo "2475"]

1.g3 d5 2.Nf3 c6 3.Bg2 Bg4 4.O-O Nd7 5.d4 e6 6.Nbd2 f5 7.c4 Bd6 8.Qb3 Rb8
9.cxd5 exd5 10.Qd3 Qf6 11.e4 Bxf3 12.e5 Qe6 13.Nxf3 Be7 14.b4 h5 15.h4 g6
16.b5 Nh6 17.bxc6 bxc6 18.Bg5 Nb6 19.Qa6 Qd7 20.Rac1 Nc4 21.Rb1 Rb6 22.Rxb6 Nxb6
23.e6 Qc7 24.Bf4 Qd8 25.Qxa7 Ng4 26.Bc7  1-0

[Event "London WFW"]
[Site "London"]
[Date "1988.??.??"]
[Round "10"]
[White "Norwood, David"]
[Black "Hodgson, Julian M"]
[Result "1/2-1/2"]
[WhiteElo "2460"]
[BlackElo "2480"]

1.g3 d5 2.Nf3 c6 3.Bg2 Bg4 4.O-O Nd7 5.d3 e5 6.h3 Bh5 7.e4 Ngf6 8.Nc3 dxe4
9.dxe4 Bc5 10.Qe1 O-O 11.Nh4 Re8  1/2-1/2

[Event "Luxembourg op"]
[Site "Luxembourg"]
[Date "1988.??.??"]
[Round "5"]
[White "Vogel, Jaap"]
[Black "Meduna, Eduard"]
[Result "0-1"]
[WhiteElo "2265"]
[BlackElo "2505"]

1.Nf3 d5 2.g3 Bg4 3.Bg2 c6 4.b3 Nd7 5.Bb2 Ngf6 6.c4 e6 7.O-O Bd6 8.d4 O-O
9.Ne5 Bf5 10.Nd2 a5 11.a3 Qe7 12.h3 h6 13.e3 Rfd8 14.Qe2 Bc7 15.f4 Ne4 16.Nxe4 Bxe4
17.Bxe4 dxe4 18.Bc3 Nf8 19.Kg2 f6 20.Ng4 f5 21.Ne5 Bxe5 22.fxe5 Nd7 23.c5 Nf8
24.b4 axb4 25.axb4 Qd7 26.Ra5 Ng6 27.Rfa1 Rab8 28.b5 Ne7 29.Rb1 Nd5 30.Bd2 Ra8
31.Rba1 Rxa5 32.Rxa5 cxb5 33.Rxb5 Ra8 34.Rb2 Ra3 35.Kf2 Rd3 36.h4 Kh7 37.Qe1 Qa4
38.Qc1 Qe8 39.Qe1 Qg6 40.Qe2 f4 41.gxf4 Nxf4 42.Qf1 Qg4 43.Ke1 Ng2+ 44.Kf2 Nxh4
45.Qh1 Nf3 46.Bc1 Rd1  0-1

[Event "Luxembourg op"]
[Site "Luxembourg"]
[Date "1988.??.??"]
[Round "5"]
[White "Gutman, Lev"]
[Black "Conquest, Stuart"]
[Result "1/2-1/2"]
[WhiteElo "2465"]
[BlackElo "2445"]

1.Nf3 d5 2.g3 Bg4 3.Bg2 Nd7 4.O-O e6 5.d3 Ngf6 6.Qe1 Be7 7.e4 O-O 8.h3 Bh5
9.Bg5 h6 10.Bd2 c5 11.Nh2 Qb6 12.b3 dxe4 13.dxe4 c4 14.Nc3 Bg6 15.Kh1 Bb4
16.f4 Nc5 17.e5 Nfd7 18.Nd5 exd5 19.Bxb4 Bxc2 20.Bxc5 Nxc5 21.bxc4 dxc4 22.f5 Rfe8
23.e6 fxe6 24.f6 Rf8 25.Ng4 h5 26.f7+ Rxf7 27.Rxf7 Kxf7 28.Ne5+ Kg8 29.Qe2 Bh7
30.Qxh5 c3 31.Rf1 Rd8 32.Qf7+ Kh8 33.Qe7 Ne4 34.Kh2 Nf6 35.Rxf6 gxf6 36.Qxf6+ Kg8
37.Qg5+ Kf8 38.Qh6+ Kg8 39.Qg5+ Kf8 40.Qf6+ Kg8 41.Qf7+ Kh8 42.Qf6+ Kg8 43.Qg5+ Kf8
44.Qf4+ Bf5 45.Qh6+ Kg8  1/2-1/2

[Event "Lyon"]
[Site "Lyon"]
[Date "1988.??.??"]
[Round "?"]
[White "Lobron, Eric"]
[Black "Miralles, Gilles"]
[Result "1-0"]
[WhiteElo "2490"]
[BlackElo "2430"]

1.Nf3 d5 2.g3 Nf6 3.Bg2 e6 4.O-O c5 5.d3 Nc6 6.Nbd2 Be7 7.e4 Qc7 8.Re1 h5
9.a3 Bd7 10.e5 Nh7 11.c4 dxc4 12.dxc4 O-O-O 13.b4 cxb4 14.Ne4 Be8 15.Qe2 f6
16.c5 fxe5 17.axb4 Nxb4 18.Rxa7 Kb8 19.Ra3 Nf6 20.Bb2 Rd5 21.Rea1 Na6 22.Nd6 e4
23.Rxa6 bxa6 24.Qxa6 Bc6 25.Ne5  1-0

[Event "Mendrisio op"]
[Site "Mendrisio"]
[Date "1988.??.??"]
[Round "3"]
[White "Marangunic, Srdjan"]
[Black "Ratti, Ruggero"]
[Result "1-0"]
[WhiteElo "2450"]
[BlackElo "2335"]

1.Nf3 d5 2.g3 Nf6 3.Bg2 c6 4.O-O Bf5 5.b3 e6 6.Bb2 Be7 7.d3 O-O 8.Nbd2 h6
9.c4 a5 10.a3 Nbd7 11.Qc2 Bh7 12.Bc3 b5 13.cxb5 cxb5 14.b4 axb4 15.axb4 Qb6
16.Qb3 Rfc8 17.Ra5 Qb7 18.Rfa1 Bd8 19.R5a3 Rxa3 20.Rxa3 Ra8 21.Nd4 Rxa3 22.Qxa3 e5
23.N4b3 Bf5 24.Nc5 Nxc5 25.bxc5 e4 26.Bb4 Kh7 27.Qc3  1-0

[Event "Montpellier"]
[Site "Montpellier"]
[Date "1988.??.??"]
[Round "9"]
[White "Pira, Davoud"]
[Black "Bricard, Emmanuel"]
[Result "1/2-1/2"]
[WhiteElo "2330"]
[BlackElo "2365"]

1.Nf3 d5 2.g3 c6 3.Bg2 Bg4 4.b3 Nd7 5.Bb2 e6 6.d3 f5 7.Nbd2 Ngf6 8.Nd4 e5
9.Ne6 Qb8 10.Nxf8 Rxf8 11.O-O Qd6 12.c4 O-O-O 13.cxd5 cxd5 14.Qc1+ Qc6 15.Nf3 Bxf3
16.Bxf3 Qxc1 17.Raxc1+ Kb8 18.Ba3 Rfe8 19.Rc2 Rc8 20.Rfc1 Rxc2 21.Rxc2 a6  1/2-1/2

[Event "Moscow-A"]
[Site "Moscow"]
[Date "1988.??.??"]
[Round "?"]
[White "Davies, Nigel R"]
[Black "Chernin, Alexander"]
[Result "1/2-1/2"]
[WhiteElo "2475"]
[BlackElo "2560"]

1.Nf3 d5 2.g3 c5 3.Bg2 Nc6 4.d4 Nf6 5.O-O e6 6.c4 dxc4 7.dxc5 Qxd1 8.Rxd1 Bxc5
9.Nbd2 Na5 10.Ne5 c3 11.bxc3 Nd7 12.Nec4 Nxc4 13.Nxc4 f6 14.Nd6+ Bxd6 15.Rxd6 Nb6
16.Rd4 Rb8 17.Be3 Nd5 18.Bxd5 exd5 19.Rxd5 b6 20.Rd2 Ke7 21.a4 Rd8 22.Rb2 Ba6
23.f3 Bc4 24.Kf2 Rd7 25.Bd4 Rc8 26.e4 h5 27.h3 Ke6 28.g4 g5 29.Ke3 Rh7 30.Rab1 hxg4
31.hxg4 Rcc7 32.Ra1 Rh3 33.a5 b5 34.a6 Rhh7 35.Ra5 Rc6 36.Ra1 Rcc7 37.Ra5 Rc6
38.Ra1 Rcc7 39.Ra3 Rc8 40.Ra5  1/2-1/2

[Event "Moscow-A"]
[Site "Moscow"]
[Date "1988.??.??"]
[Round "?"]
[White "Davies, Nigel R"]
[Black "Kharitonov, Andrei Y"]
[Result "1/2-1/2"]
[WhiteElo "2475"]
[BlackElo "2550"]

1.Nf3 d5 2.g3 c6 3.Bg2 Bg4 4.O-O Nd7 5.c4 Ngf6 6.cxd5 cxd5 7.Qb3 Qb6 8.Nc3 e6
9.Qxb6 axb6 10.d3 Be7 11.Bd2 O-O 12.Rfc1 Rfc8 13.Kf1  1/2-1/2

[Event "Moscow-B"]
[Site "Moscow"]
[Date "1988.??.??"]
[Round "?"]
[White "Kochyev, Alexander"]
[Black "Matlak, Marek"]
[Result "1/2-1/2"]
[WhiteElo "2480"]
[BlackElo "2420"]

1.Nf3 d5 2.g3 Nf6 3.Bg2 Bf5 4.c4 e6 5.Qb3 Na6 6.cxd5 exd5 7.O-O Nc5 8.Qe3+ Be7
9.Nh4 Bd7 10.b4 Nce4 11.Qb3  1/2-1/2

[Event "URS-chT"]
[Site "Naberezhnie Chelni"]
[Date "1988.??.??"]
[Round "?"]
[White "Pigusov, Evgeny"]
[Black "Novikov, Igor A"]
[Result "1/2-1/2"]
[WhiteElo "2530"]
[BlackElo "2500"]

1.Nf3 d5 2.g3 c6 3.Bg2 Bg4 4.c4 e6 5.O-O Nd7 6.cxd5 cxd5 7.Nc3 Ngf6 8.d3 Be7
9.h3 Bh5 10.e4 O-O 11.g4 dxe4 12.dxe4 Bg6 13.Qe2 Bb4 14.Nh4 Bxc3  1/2-1/2

[Event "URS-chT"]
[Site "Naberezhnie Chelni"]
[Date "1988.??.??"]
[Round "?"]
[White "Kengis, Edvins"]
[Black "Smagin, Sergey"]
[Result "0-1"]
[WhiteElo "2470"]
[BlackElo "2550"]

1.Nf3 d5 2.g3 Bg4 3.Bg2 c6 4.O-O Nd7 5.d3 e6 6.Nbd2 Bd6 7.h3 Bh5 8.e4 Ne7
9.b3 O-O 10.Bb2 a5 11.a3 b5 12.g4 Bg6 13.e5 Bc7 14.Qe2 c5 15.Ne1 a4 16.f4 Ra6
17.Nef3 h6 18.c4 Rb6 19.b4 cxb4 20.axb4 bxc4 21.dxc4 Rxb4 22.Ba3 Rb8 23.Kh1 Nb6
24.Rad1 Bc2 25.Rc1 Bb3 26.Nxb3 axb3 27.Rfd1 Qe8 28.cxd5 Nbxd5 29.f5 Ba5 30.f6 Ng6
31.Rxd5 exd5 32.fxg7 Kxg7 33.Bxf8+ Qxf8 34.Nd4 b2 35.Rb1 Qc5 36.Qe3 Kh7 37.e6 Bc3
38.Qg3 Bxd4 39.Qxb8 Qc1+  0-1

[Event "URS-chT"]
[Site "Naberezhnie Chelni"]
[Date "1988.??.??"]
[Round "?"]
[White "Pigusov, Evgeny"]
[Black "Sveshnikov, Evgeny"]
[Result "1-0"]
[WhiteElo "2530"]
[BlackElo "2450"]

1.Nf3 d5 2.g3 Nf6 3.Bg2 c6 4.O-O Bf5 5.c4 e6 6.d3 Nbd7 7.Nc3 Bc5 8.cxd5 cxd5
9.Na4 Be7 10.Qb3 Rb8 11.Bf4 b5 12.Nc3 Rb6 13.Be3 Bc5 14.Bxc5 Nxc5 15.Qb4 Nfd7
16.Nd4 Bg6 17.Rfc1 O-O 18.Ncxb5 Qb8 19.Rxc5 Nxc5 20.Qxc5 Rc8 21.Qa3 a6 22.Nc3 Rxb2
23.Rc1 Qb4 24.Qxa6 Rf8 25.Nc6 Qc5 26.d4 Qb6 27.Qa3 Bc2 28.Ne7+ Kh8 29.Ng6+ hxg6
30.Qxf8+ Kh7 31.Qa3 f6 32.h4 e5 33.dxe5 d4 34.Nd5 Qb5 35.exf6  1-0

[Event "Naestved op"]
[Site "Naestved"]
[Date "1988.??.??"]
[Round "1"]
[White "Larsen, Bent"]
[Black "Bednarski, Jacek B"]
[Result "1-0"]
[WhiteElo "2560"]
[BlackElo "2375"]

1.g3 d5 2.Nf3 Bg4 3.Bg2 Nd7 4.c4 c6 5.cxd5 cxd5 6.O-O Ngf6 7.Nc3 e6 8.d3 Bc5
9.Bf4 O-O 10.Rc1 a6 11.d4 Ba7 12.Ne5 Bh5 13.Qd2 Qb6 14.Nxd7 Nxd7 15.e4 dxe4
16.Nxe4 Qxd4 17.Rc7 Ne5 18.Bxe5 Qxe5 19.Rxb7 h6 20.b4 f5 21.Nc5 Bxc5 22.bxc5 Qxc5
23.Qb2 e5 24.Rc1 Qd6 25.Rcc7 Kh8 26.Rxg7 Bg6 27.Rbd7 Qf6 28.Rxg6 Qxg6  1-0

[Event "Naleczow (Women)"]
[Site "Naleczow"]
[Date "1988.??.??"]
[Round "10"]
[White "Levitina, Irina S"]
[Black "Kasoshvili, Tsiala"]
[Result "1/2-1/2"]
[WhiteElo "2355"]
[BlackElo "2190"]

1.Nf3 d5 2.g3 g6 3.Bg2 Bg7 4.c4 c6 5.d4 Nf6 6.O-O O-O 7.Qb3 Qb6 8.Qxb6 axb6
9.cxd5 Nxd5 10.e4 Nb4 11.Na3 Nd3 12.Nc4 Nxc1 13.Rfxc1 b5 14.Ne3 Nd7 15.Rc2 Rd8
16.Rd2 Nb6 17.b3 c5 18.Rad1 cxd4 19.e5 b4 20.Rxd4 Rxd4 21.Rxd4 Rxa2 22.Rxb4 Ra1+
23.Bf1 Nd7 24.Rd4 Nf8 25.Kg2 Ne6 26.Rd2 Bh6 27.Bc4 Kg7 28.Bd5 Bxe3 29.fxe3 Rc1
30.Nd4 Nc7 31.Bf3 Rc3 32.Ne2 Rc5 33.b4 Rc4 34.Nd4 b6 35.Kf2 e6 36.b5 Rc5
37.Bc6 Nd5 38.Ra2 Ne7 39.Ra8 Rxe5 40.Rb8 Rc5 41.Rxb6 e5 42.Ne2 Nxc6 43.Rxc6 Rxc6
44.bxc6 Kf6 45.Nc3 Ke7 46.h4 h6 47.Ne4 f5 48.Nd2 Be6 49.Nf3 Kd6 50.c7 Bc8
51.Ke1 e4 52.Nd4 Kxc7 53.Ne2 g5 54.hxg5 hxg5  1/2-1/2

[Event "New York op"]
[Site "New York"]
[Date "1988.??.??"]
[Round "?"]
[White "Smejkal, Jan"]
[Black "Chernin, Alexander"]
[Result "0-1"]
[WhiteElo "2515"]
[BlackElo "2560"]

1.Nf3 d5 2.g3 c6 3.Bg2 Bg4 4.O-O Nd7 5.d3 e6 6.e4 Bd6 7.Nbd2 Ne7 8.h3 Bh5
9.d4 O-O 10.c3 Bc7 11.Re1 Re8 12.Qb3 Bb6 13.Nf1 dxe4 14.Rxe4 c5 15.Bg5 Bxf3
16.Bxf3 cxd4 17.cxd4 h6 18.Bd2 Nc6 19.Bc3 e5 20.Rae1 Nxd4 21.Qd1 Qc7 22.Bg2 Nb5
23.Ne3 Nxc3 24.bxc3 Bxe3 25.R4xe3 Rad8 26.Qe2 Rf8 27.Rd3 Rde8 28.Rd5 b6 29.Qe3 e4
30.a4 Nc5 31.a5 Nd3 32.axb6 axb6 33.Rb1 Re6 34.Rdb5 Nc5 35.c4 Rd8 36.Bf1 Rdd6
37.R5b2 Qe7 38.Ra2 Qg5 39.Qxg5 hxg5 40.Re1 f5 41.Ra8+ Kf7 42.Ra2 Kf6 43.Rb2 f4
44.Kh2 Kf5 45.Kg1 f3 46.Rbb1 g4  0-1

[Event "New York op"]
[Site "New York"]
[Date "1988.??.??"]
[Round "?"]
[White "Ivkov, Borislav"]
[Black "La Rota, Fabio"]
[Result "1-0"]
[WhiteElo "2460"]
[BlackElo "2295"]

1.Nf3 d5 2.g3 Nf6 3.Bg2 e6 4.O-O Be7 5.d3 O-O 6.Nbd2 b6 7.e4 dxe4 8.dxe4 Bb7
9.e5 Nfd7 10.b3 a5 11.a3 Qc8 12.Bb2 Rd8 13.Qe2 Nc5 14.Rfd1 Nc6 15.h4 h6 16.h5 Rd7
17.Nc4 Rxd1+ 18.Rxd1 Qe8 19.Nd4 Nxd4 20.Bxd4 Bxg2 21.Kxg2 Qc6+ 22.Qf3 Qxf3+
23.Kxf3 Kf8 24.Ke3 Rd8 25.Rd2 Ke8 26.f4 Nb7 27.a4 Nc5 28.g4 Na6 29.Rg2 Nb4
30.Ke4 Kd7 31.Ne3 Rh8 32.Bc3 Na6 33.Nc4 Kc6 34.Bb2 Nb4 35.Ne3 Rd8 36.g5 hxg5
37.fxg5 Rh8 38.g6 fxg6 39.Rxg6 Rxh5 40.Rxe6+ Kd7 41.Rg6 Rh4+ 42.Ng4 Bf8 43.e6+ Ke7
44.c3 Nc6 45.Kd5 Nd8  1-0

[Event "Novi Sad op"]
[Site "Novi Sad"]
[Date "1988.??.??"]
[Round "6"]
[White "Berkovich, Mark A"]
[Black "Eingorn, Vereslav S"]
[Result "0-1"]
[WhiteElo "2345"]
[BlackElo "2570"]

1.g3 d5 2.Nf3 c6 3.c4 dxc4 4.Bg2 g6 5.Na3 Bg7 6.Nxc4 Nf6 7.O-O O-O 8.d4 Bf5
9.Qb3 Qc8 10.Bf4 Nbd7 11.Rac1 Nb6 12.Na5 Be4 13.Be5 Bh6 14.e3 Nfd5 15.Nh4 Bxg2
16.Nxg2 f6 17.Bf4 g5 18.e4 gxf4 19.exd5 Nxd5 20.Qxb7 Qxb7 21.Nxb7 f3 22.Nf4 Bxf4
23.gxf4 Nxf4 24.Rxc6 Rac8 25.d5 Nxd5 26.Na5 Kf7 27.Rd1 Rg8+ 28.Kf1 Rcd8 29.Rcc1 Rg2
30.Nc6 Rdg8 31.Ke1 e6 32.Nd4 Rxh2 33.Nxf3 Rh3 34.Rd3 Rh1+ 35.Kd2 Rxc1 36.Kxc1 Rg2
37.Ra3 Rxf2 38.Rxa7+ Kg6 39.Nd4 e5 40.Ne6 h5 41.Rd7 Nf4 42.Nxf4+ Rxf4 43.Rd8 Rc4+
44.Kd2 Rd4+ 45.Rxd4 exd4 46.b4 Kf5  0-1

[Event "Oakham YM"]
[Site "Oakham"]
[Date "1988.??.??"]
[Round "?"]
[White "Norwood, David"]
[Black "Sadler, Matthew"]
[Result "1/2-1/2"]
[WhiteElo "2460"]
[BlackElo "2385"]

1.Nf3 d5 2.g3 Nd7 3.Bg2 Ngf6 4.O-O e5 5.d3 Bd6 6.Nbd2 O-O 7.e4 c6 8.exd5 cxd5
9.c4 Nc5 10.d4 exd4 11.cxd5 d3 12.b4 Na6 13.a3 Bf5 14.Nd4 Bg6 15.Nc4 Rc8
16.Qb3 Ne4 17.f4 Bxb4 18.axb4 Qxd5 19.Be3 Qxc4 20.f5 Nd2 21.Qxc4 Nxc4 22.Bf2 Bh5
23.Bxb7 Nxb4 24.Bxc8 Rxc8 25.h3 f6 26.g4 Bf7 27.Rxa7 d2 28.Rd1 Nd3  1/2-1/2

[Event "Oakham YM"]
[Site "Oakham"]
[Date "1988.??.??"]
[Round "?"]
[White "Agnos, Demetrios"]
[Black "Flear, Christine"]
[Result "1-0"]
[WhiteElo "2340"]
[BlackElo "2185"]

1.Nf3 d5 2.g3 Nf6 3.Bg2 Bg4 4.O-O Nbd7 5.d3 e6 6.Nbd2 c6 7.c3 Be7 8.Qc2 O-O
9.e4 dxe4 10.dxe4 Qc7 11.Re1 e5 12.h3 Bxf3 13.Nxf3 Rfe8 14.b4 b5 15.a4 c5
16.bxc5 bxa4 17.Rxa4 Nxc5 18.Ra2 a5 19.Be3 Nfd7 20.Nd2 Ne6 21.Bf1 Rec8 22.Bc4 Nec5
23.Bd5 Ra6 24.Rb1 a4 25.Rb5 Rb6 26.c4 h5 27.Nb1 Rxb5 28.cxb5 Qa5 29.Nc3 Ne6
30.Bc6 a3 31.Nd5 Qe1+ 32.Kg2 Bf8 33.Bd2 Qe2 34.Nc3 Qc4 35.Bxd7 Nd4 36.Qa4 Qxa4
37.Nxa4 Rc4 38.b6  1-0

[Event "Paris-ch"]
[Site "Paris"]
[Date "1988.??.??"]
[Round "?"]
[White "Chomet, Pascal"]
[Black "Valenti, Giuseppe"]
[Result "1-0"]
[WhiteElo "2280"]
[BlackElo "2245"]

1.g3 d5 2.Nf3 Nc6 3.Bg2 Bg4 4.c4 dxc4 5.Qa4 Qd7 6.Qxc4 Bxf3 7.Bxf3 Ne5 8.Qc3 Nxf3+
9.Qxf3 O-O-O 10.Nc3 f5 11.d3 g6 12.Be3 Kb8 13.O-O e5 14.Rfc1 Ne7 15.a4 Nd5
16.Bg5 Be7 17.Bxe7 Nxe7 18.a5 a6 19.Na4 Qd5 20.Qe3 Nc6 21.Ra3 f4 22.gxf4 exf4
23.Qxf4 Rhf8 24.Qg3 Rf7 25.Qg2 Nd4 26.Qxd5 Rxd5 27.Nc3 Rg5+ 28.Kf1 Rh5 29.Kg1 Rg5+
30.Kf1 Rh5 31.Kg1 Rg5+  1-0

[Event "Paris-ch"]
[Site "Paris"]
[Date "1988.??.??"]
[Round "1"]
[White "Gutman, Lev"]
[Black "Pergericht, Daniel"]
[Result "1-0"]
[WhiteElo "2465"]
[BlackElo "2325"]

1.Nf3 d5 2.g3 Nf6 3.Bg2 Bf5 4.O-O e6 5.d3 Be7 6.c3 O-O 7.Qb3 Qc8 8.c4 c6
9.Nc3 Na6 10.Bf4 h6 11.Rac1 Rd8 12.Be5 Bg4 13.Rfd1 dxc4 14.Qxc4 b5 15.Qb3 Bxf3
16.Bxf6 Bxf6 17.Bxf3 Qd7 18.a4 Nc5 19.Qa3 Bxc3 20.axb5 Bd4 21.Bxc6  1-0

[Event "Paris-ch"]
[Site "Paris"]
[Date "1988.??.??"]
[Round "3"]
[White "Bernard, Christophe"]
[Black "Boudre, Jean Pierre"]
[Result "0-1"]
[WhiteElo "2350"]
[BlackElo "2320"]

1.Nf3 d5 2.g3 c6 3.Bg2 Bg4 4.h3 Bh5 5.O-O Nd7 6.d3 Ngf6 7.Nbd2 e6 8.b3 a5
9.a3 Bc5 10.Bb2 Qc7 11.c4 dxc4 12.d4 c3 13.Bxc3 Be7 14.e4 O-O 15.g4 Bg6 16.Ne5 Nxe5
17.dxe5 Nd7 18.f4 f6 19.exf6 gxf6 20.Kh1 e5 21.f5 Bf7 22.Rf3 h6 23.Qe1 Kh7
24.Nc4 a4 25.Bd2 Rg8 26.Bf1 axb3 27.a4 Nc5 28.a5 Rad8 29.Be3 Qb8 30.Qh4 Rg5
31.Bxg5 fxg5 32.Qe1 Rd4 33.f6 Bf8 34.Nd2 Bg6 35.Bg2 Qd8 36.Rc1 Bxe4 37.Rf2 Qd5
38.Qf1 Bxg2+ 39.Qxg2 Ne4 40.Rcf1 Nxf2+ 41.Rxf2 c5 42.Qxd5 Rxd5 43.Nc4  0-1

[Event "Porz"]
[Site "Porz"]
[Date "1988.??.??"]
[Round "?"]
[White "Meduna, Eduard"]
[Black "Jackelen, Thomas"]
[Result "0-1"]
[WhiteElo "2460"]
[BlackElo "2325"]

1.Nf3 d5 2.g3 c5 3.c4 e6 4.cxd5 exd5 5.d4 Nf6 6.Bg2 Nc6 7.dxc5 Bxc5 8.Bg5 Bxf2+
9.Kxf2 Ne4+ 10.Ke1 Nxg5 11.Nxg5 Qxg5 12.Bxd5 O-O 13.Qd2 Qe7 14.Bxc6 bxc6
15.Nc3 Bh3 16.Rd1 Rab8 17.Kf2 Rfe8 18.Ke1 h6 19.Qd6 Qe3 20.Qf4 Qb6 21.Na4 Qa5+
22.Rd2 Rb4  0-1

[Event "DDR-FRG"]
[Site "Potsdam"]
[Date "1988.??.??"]
[Round "?"]
[White "Lau, Ralf"]
[Black "Boensch, Uwe"]
[Result "1/2-1/2"]
[WhiteElo "2495"]
[BlackElo "2510"]

1.g3 d5 2.Nf3 c6 3.Bg2 Bg4 4.O-O Nd7 5.d3 e5 6.Nbd2 Ngf6 7.e4 dxe4 8.dxe4 Be7
9.h3 Bh5 10.b3 O-O 11.Bb2 Qc7 12.Qe2 Rfe8 13.a4 a5 14.Rfd1 Bc5 15.Nf1 Nf8
16.Rd2  1/2-1/2

[Event "Prague Mladi-A"]
[Site "Prague"]
[Date "1988.??.??"]
[Round "3"]
[White "Werner, Dimo"]
[Black "Brdicko, Petr"]
[Result "1-0"]
[WhiteElo "2365"]
[BlackElo "2235"]

1.Nf3 d5 2.g3 c6 3.Bg2 Nf6 4.O-O h6 5.d3 Bf5 6.Nbd2 e6 7.Qe1 Bh7 8.e4 dxe4
9.dxe4 Bc5 10.Qe2 O-O 11.e5 Nd5 12.Ne4 Be7 13.c4 Nb6 14.b3 c5 15.Rd1 Qc7
16.Bf4 Nc6 17.Nf6+ Kh8 18.Nxh7 Kxh7 19.h4 Rfd8 20.Nh2 Kh8 21.Qh5 Bf8 22.Bxc6 bxc6
23.Qe2 Rxd1+ 24.Rxd1 Rd8 25.Nf3 Rxd1+ 26.Qxd1 Qd7 27.Qe2 Nc8 28.Be3 Qc7 29.Qd2 Be7
30.Ne1 Kg8 31.Nd3 Qd8 32.Qc3 Qb6 33.Kf1 Kf8 34.Qc2 Qa5 35.Bd2 Qd8 36.Be3 Qa5
37.Ke2 Nb6 38.Nc1 Ke8 39.Qe4 Kd7 40.Qf3 f5 41.exf6 Bxf6 42.Bxh6 Qa3 43.Qd3+ Ke7
44.Be3 Qb2+ 45.Qd2 Qe5 46.Nd3 Qh5+ 47.Kf1 Nd7 48.Kg2 Qf5 49.f3 Bd4 50.Bg5+ Ke8
51.g4 Qh7 52.Qe2 Kf7 53.h5 Bf6 54.Bxf6 Kxf6 55.Qe3 a5 56.Kg3 Kf7 57.Nf4 Qh6
58.Qe4 Nf8 59.Qxc6 Qg5 60.Qd6 e5 61.Qxf8+  1-0